LIBRARY & INFORMATION CENTRE, KCAET, TAVANUR

ONLINE PUBLIC ACCESS CATALOGUE (OPAC)

Diesel fault tracing maintanance and repair / (Record no. 638)

MARC details
000 -LEADER
fixed length control field 00532cam a2200181ua 4500
041 ## - LANGUAGE CODE
Language code of text/sound track or separate title eng
082 ## - DEWEY DECIMAL CLASSIFICATION NUMBER
Classification number 629.253
Item number ABB/DI
100 ## - MAIN ENTRY--AUTHOR NAME
Personal name Abbey , Station .
245 ## - TITLE STATEMENT
Title Diesel fault tracing maintanance and repair /
250 ## - EDITION STATEMENT
Edition statement 3 /
260 ## - PUBLICATION, DISTRIBUTION, ETC. (IMPRINT)
Place of publication :
Name of publisher Sir Isaac Pitman & Sons Ltd ,
Year of publication 1962.
300 ## - PHYSICAL DESCRIPTION
Number of Pages 265 ; .
490 0# - SERIES STATEMENT
Series statement Pitmans automobile maintainance series,
Volume number/sequential designation
942 ## - ADDED ENTRY ELEMENTS (KOHA)
Koha item type Books
Holdings
Withdrawn status Lost status Damaged status Home library Current library Date acquired Full call number Accession Number Koha item type
      KAUAET KAUAET 07/04/2012 629.253 6026 Books
free website counter